South and Southeast Asia, Vol.3 / (Record no. 23289)

MARC details
000 -LEADER
fixed length control field 00976cam a2200301 4500
001 - CONTROL NUMBER
control field 771789
003 - CONTROL NUMBER IDENTIFIER
control field BDDh-ASL
005 - DATE AND TIME OF LATEST TRANSACTION
control field 20231015030224.0
008 - FIXED-LENGTH DATA ELEMENTS--GENERAL INFORMATION
fixed length control field 720904s1972 azu b 000 0 eng
010 ## - LIBRARY OF CONGRESS CONTROL NUMBER
LC control number 72083465
020 ## - INTERNATIONAL STANDARD BOOK NUMBER
International Standard Book Number 0816503648
040 ## - CATALOGING SOURCE
Original cataloging agency DLC
Transcribing agency DLC
Modifying agency DLC
-- BDDh-ASL
043 ## - GEOGRAPHIC AREA CODE
Geographic area code as-----
050 00 - LIBRARY OF CONGRESS CALL NUMBER
Classification number DS3.A2
Item number T45 vol. 3
Classification number DS335
082 00 - DEWEY DECIMAL CLASSIFICATION NUMBER
Classification number 950
Item number HAS
245 00 - TITLE STATEMENT
Title South and Southeast Asia, Vol.3 /
Statement of responsibility, etc. John A. Harrison, editor.
260 ## - PUBLICATION, DISTRIBUTION, ETC.
Place of publication, distribution, etc. Tucson:
Name of publisher, distributor, etc. University of Arizona Press,
Date of publication, distribution, etc. [1972]
300 ## - PHYSICAL DESCRIPTION
Extent x, 246 p. :
Dimensions 26 cm.
490 0# - SERIES STATEMENT
Series statement Thirtieth anniversary commemorative series, v. 3
500 ## - GENERAL NOTE
General note On spine: Asia: enduring scholarship.
504 ## - BIBLIOGRAPHY, ETC. NOTE
Bibliography, etc. note Includes bibliographical references.
651 #0 - SUBJECT ADDED ENTRY--GEOGRAPHIC NAME
Geographic name South Asia
General subdivision Civilization.
651 #0 - SUBJECT ADDED ENTRY--GEOGRAPHIC NAME
Geographic name Southeast Asia
General subdivision Civilization.
700 1# - ADDED ENTRY--PERSONAL NAME
Personal name Harrison, John Armstrong,
Relator term ed.
740 0# - ADDED ENTRY--UNCONTROLLED RELATED/ANALYTICAL TITLE
Uncontrolled related/analytical title Asia: enduring scholarship.
906 ## - LOCAL DATA ELEMENT F, LDF (RLIN)
a 7
b cbc
c orignew
d 2
e opcn
f 19
g y-gencatlg
942 ## - ADDED ENTRY ELEMENTS (KOHA)
Source of classification or shelving scheme Dewey Decimal Classification
Koha item type Books
Holdings
Withdrawn status Lost status Source of classification or shelving scheme Damaged status Not for loan Collection code Home library Current library Shelving location Date acquired Source of acquisition Serial Enumeration / chronology Total Checkouts Full call number Barcode Date last seen Copy number Price effective from Koha item type Public note
    Dewey Decimal Classification     Non-fiction Asiatic Society Library Asiatic Society Library General Stacks 03/23/2021 ASB Library Collections V-3   950 HAS 107704 03/23/2021 C-1 03/23/2021 Books RARE

Powered by Koha